000 00312nam a22001337a 4500
008 170706b xxu||||| |||| 00| 0 eng d
020 _a9780195097252
041 _aeng
080 _a82
100 _a22
101 _aGJL
245 _aTHE AMERICAN INTELECTUAL TRADITION
_cHOLLINGER.D.A
942 _2udc
_cBK
999 _c19965
_d19965